Poverty and prejudice (Record no. 535495)

MARC details
000 -LEADER
fixed length control field 00779nam a2200253Ia 4500
003 - CONTROL NUMBER IDENTIFIER
control field OSt
005 - DATE AND TIME OF LATEST TRANSACTION
control field 20220925200121.0
008 - FIXED-LENGTH DATA ELEMENTS--GENERAL INFORMATION
fixed length control field 220923b |||||||| |||| 00| 0 eng d
020 ## - INTERNATIONAL STANDARD BOOK NUMBER
International Standard Book Number 0909561235
037 ## - SOURCE OF ACQUISITION
Terms of availability General Book
040 ## - CATALOGING SOURCE
Original cataloging agency RTL
Transcribing agency RTL
Language of cataloging eng
041 ## - LANGUAGE CODE
Source of code eng
Language code of text/sound track or separate title eng
100 ## - MAIN ENTRY--PERSONAL NAME
Personal name Finnegan Frances
9 (RLIN) 256717
245 #0 - TITLE STATEMENT
Title Poverty and prejudice
Remainder of title A study of Irish immigrants in New York 1840-1875
260 ## - PUBLICATION, DISTRIBUTION, ETC.
Place of publication, distribution, etc. Cork
Name of publisher, distributor, etc. Cork Univeristy Press
Date of publication, distribution, etc. 1982
300 ## - PHYSICAL DESCRIPTION
Extent x,209p
Dimensions cm.
500 ## - GENERAL NOTE
General note Bibliography: p 199-205
650 ## - SUBJECT ADDED ENTRY--TOPICAL TERM
Topical term or geographic name entry element British Society
9 (RLIN) 243725
942 ## - ADDED ENTRY ELEMENTS (KOHA)
Classification part Y7564.3175.M75<--M40, M2
Koha item type General Books
Source of classification or shelving scheme Colon Classification (CC)

No items available.

Copyright @ Delhi University Library System